Click to Translate - Turkish (Slavic borrowings) - Statistics

General Stats
  • This quiz has been taken 40 times
  • The average score is 11 of 18
Answer Stats
Hint Answer % Correct
queen kraliçe
92%
king kral
89%
samovar, tea-urn semaver
89%
hat şapka
86%
Austria as Ottomans called it Nemçe
84%
sour cherry vişne
84%
isolated living quarter, slum izbe
62%
path, track, trail patika
62%
secret society, resistance movement komita
59%
cabbage stew kapuska
57%
incubation kuluçka
46%
cob koçan
41%
shoulder padding vatka
41%
sheepskin coat gocuk
38%
plough pulluk
38%
outspoken dobra
35%
the utmost point; the best daniska
30%
blonde hair lepiska
30%
No matching quizzes found
Score Distribution
Percent of People with Each Score
Percentile by Number Answered
Your Score History
You have not taken this quiz